Kolektívne zmluvy
Subjekty kolektívnych zmlúv. Obsah kolektívnych zmlúv. Forma kolektívnych zmlúv, ich časová pôsobnosť, platnosť a účinnosť. Záväznosť kolektívnych zmlúv. Postup pri uzavieraní kolektívnych zmlúv. Kolektívne spory a ich riešenie. Štrajk a výluka v spore o uzavretie kolektívnej zmluvy. Sankcie za poru...
Salvato in:
| Autore principale: | |
|---|---|
| Natura: | Capitolo di libro |
| Lingua: | slovacco |
| Soggetti: | |
| Tags: |
Nessun Tag, puoi essere il primo ad aggiungerne!!
|
MARC
| LEADER | 00000naa$a2200000$$$4500 | ||
|---|---|---|---|
| 001 | 0054336 | ||
| 005 | 20231013071515.8 | ||
| 041 | 0 | |a slo | |
| 044 | |a SK | ||
| 245 | 1 | 0 | |a Kolektívne zmluvy |c Štefan Indrišek |
| 520 | |a Subjekty kolektívnych zmlúv. Obsah kolektívnych zmlúv. Forma kolektívnych zmlúv, ich časová pôsobnosť, platnosť a účinnosť. Záväznosť kolektívnych zmlúv. Postup pri uzavieraní kolektívnych zmlúv. Kolektívne spory a ich riešenie. Štrajk a výluka v spore o uzavretie kolektívnej zmluvy. Sankcie za porušovanie záväzkov z kolektívnych zmlúv. | ||
| 610 | 2 | 0 | |a zmluvy kolektívne |
| 610 | 2 | 0 | |a subjekt |
| 610 | 2 | 0 | |a obsah |
| 610 | 2 | 0 | |a štrajky |
| 610 | 2 | 0 | |a sankcie |
| 610 | 2 | 0 | |a vyjednávanie kolektívne |
| 100 | 1 | |a Indrišek, Štefan | |